| 000 | 01134atm a2200301 i 4500 | ||
|---|---|---|---|
| 999 |
_c68556 _d68556 |
||
| 001 | 68556 | ||
| 003 | Mx-PuUPA | ||
| 005 | 20220302080831.0 | ||
| 008 | 200122s2015 flua||||r|||| 00| 0 eng d | ||
| 020 | _a9781466504332 | ||
| 040 |
_aMx-PuUPA _bspa _cMx-PuUPA _dMx-PuUPA _erda |
||
| 041 | 0 | _aeng | |
| 245 | 0 | 0 |
_aHandbook of design and analysis of experiments / _ceditado por Angela Dean [y otros tres] |
| 264 | 1 |
_aBoca Ratón, FL : _bCRC Press, _c©2015 |
|
| 300 |
_axix, 940 páginas : _bilustraciones ; _c26 cm |
||
| 336 |
_2rdacontent _atexto _btxt |
||
| 337 |
_2rdamedia _asin medio _bn |
||
| 338 |
_2rdacarrier _avolumen _bnc |
||
| 490 | 1 | _aChapman & Hall/CRC. Handbooks of Modern Statistical Methods | |
| 650 | 4 |
_aDiseño experimental _vManuales, etc. |
|
| 650 | 4 | _aDiseño experimental | |
| 700 | 1 |
_aDean, Angela, _eeditor |
|
| 800 | 1 |
_aFitzmaurice, Garrett, _eeditor _tChapman & Hall/CRC. Handbooks of Modern Statistical Methods |
|
| 942 |
_2ddc _cLI _h519.57 _iH233 |
||